| 000 | 00726nam a2200241 i 4500 | ||
|---|---|---|---|
| 001 | bgj | ||
| 100 | 1 | _aMcKELLEN, J. S. | |
| 245 | 1 | 0 |
_aTest Your Business English / _cJ. S. McKellen ; ill. by Robin Harris and Ross Thomson. |
| 260 |
_aLondon : _bPenguin English, _c1990. |
||
| 300 |
_a95 pp : _bill. ; _c24 cm. |
||
| 505 | _aIncludes answers. | ||
| 650 | 9 |
_aEnglish language _xVocabulary |
|
| 650 | 9 |
_aEnglish language _xBusiness English |
|
| 655 | _aExaminations, questions, etc. | ||
| 700 | 1 |
_aHARRIS, Robin. _eill. |
|
| 700 | 1 |
_aTHOMSON, Ross. _eill. |
|
| 020 | _a0140809856 (pbk) | ||
| 040 | _cBPK | ||
| 041 | 0 | _aeng | |
| 920 | _a0-14-080985-6 (pbk) | ||
| 942 | _cKS | ||
| 008 | s uk f |000 0 eng | ||
| 999 |
_c47305 _d47305 |
||
| 856 |
_uhttp://koha.tu.koszalin.pl/cgi-bin/koha/opac-detail.pl?biblionumber=47305 _yKatalog online BPK |
||